[Event "Chigorin Memorial 30th"]
[Site "St Petersburg"]
[Date "2023.10.24"]
[Round "4"]
[White "Klobukov, Sergey"]
[Black "Zauzoltsev, Maxim"]
[Result "1/2-1/2"]
[WhiteElo "1468"]
[BlackElo "1235"]
[PlyCount "148"]
[EventDate "2023.10.21"]
[EventType "swiss"]
[EventRounds "9"]
[EventCountry "RUS"]
[SourceTitle "Mega2024 Update 01"]
[Source "Chessbase"]
[SourceDate "2023.11.12"]
[SourceVersion "1"]
[SourceVersionDate "2023.11.12"]
[SourceQuality "1"]

1. Nf3 d5 2. g3 b6 3. Bg2 Bb7 4. 0-0 e6 5. b3 Nf6 6. Bb2 Be7 7. c4 dxc4 8. bxc4 c5 9. Qc2 Nbd7 10. Nc3 0-0 11. e3 Qc7 12. d3 a6 13. a4 Rfd8 14. Ne2 Ng4 15. Rfd1 Nge5 16. Nxe5 Bxg2 17. Nxd7 Bb7 18. Ne5 f6 19. Ng4 h5 20. Nxf6+ gxf6 21. Nf4 Kf7 22. Qe2 Rh8 23. h4 Rag8 24. Kh2 Rg4 25. f3 Rgg8 26. Rg1 Bd6 27. Raf1 Qd7 28. Qc2 Bc8 29. Nh3 e5 30. Nf2 Bc7 31. f4 exf4 32. exf4 Qf5 33. Qe2 Re8 34. Qf3 Re7 35. Qd5+ Qxd5 36. cxd5 Re2 37. Ba1 Rhe8 38. Rg2 f5 39. Nd1 b5 40. axb5 axb5 41. Nc3 Rxg2+ 42. Kxg2 Ba6 43. Rc1 Bd6 44. Kf2 b4 45. Na4 Bxd3 46. Nxc5 Re2+ 47. Kf3 Bxc5 48. Rxc5 Rc2 49. Rxc2 Bxc2 50. Ke3 Ke7 51. Kd4 Kd6 52. Kc4 b3 53. Be5+ Kd7 54. Kc5 Bd1 55. Bb2 Be2 56. Ba3 Bd1 57. Kd4 Be2 58. Ke5 Bg4 59. Kf6 Bh3 60. Kg6 Bg4 61. Kg5 Ke8 62. Kf6 Kd7 63. Ke5 Bh3 64. Kd4 Bg4 65. Kd3 Bf3 66. Kc4 Bd1 67. Kc3 Bf3 68. d6 Bd1 69. Kb2 Kc6 70. Kc1 Bc2 71. Kd2 Kd7 72. Kc3 Ke6 73. Kd4 b2 74. Bxb2 Kxd6 1/2-1/2